PR-SOF-1414-UNMANNED LEAD VEHICLE (Record no. 577808)

000 -LEADER
fixed length control field 00409nam a22001217a 4500
082 ## - DEWEY DECIMAL CLASSIFICATION NUMBER
Classification number 220 PRO
100 ## - MAIN ENTRY--PERSONAL NAME
Personal name Muhammad Waqar, Umar Abbas,Abdul Karim, Muhammad Arish, Hussain Jaffri
9 (RLIN) 71100
245 ## - TITLE STATEMENT
Title PR-SOF-1414-UNMANNED LEAD VEHICLE
260 ## - PUBLICATION, DISTRIBUTION, ETC.
Place of publication, distribution, etc. ISLAMABAD
Name of publisher, distributor, etc. NUST COLLEGE OF EME
Date of publication, distribution, etc. 2015
650 ## - SUBJECT ADDED ENTRY--TOPICAL TERM
Topical term or geographic name entry element DE-MTS-33 [1]
9 (RLIN) 71101
700 ## - ADDED ENTRY--PERSONAL NAME
Personal name Dr Javed Iqbal, Lt Col Nasir Rashid, Lec Asad Ullah
9 (RLIN) 71102
942 ## - ADDED ENTRY ELEMENTS (KOHA)
Koha item type Continuing Resources
Holdings
Withdrawn status Lost status Damaged status Not for loan Permanent Location Current Location Shelving location Date acquired Total Checkouts Full call number Barcode Date last seen Price effective from Koha item type
        College of Electrical & Mechanical Engineering (CEME) College of Electrical & Mechanical Engineering (CEME) Reference 12/05/2019   220 PRO PR-SOF-1414 06/28/2021 06/28/2021 Continuing Resources
© 2023 Central Library, National University of Sciences and Technology. All Rights Reserved.